000 00752nam a2200133Ia 4500
008 100328s9999 xx 000 0 und d
082 _b73552
100 _aआफळे ज्योती-अनु.(मूळ लेखक-अर्ल स्टॅनली गार्डनर)
245 _aकचाट्यातील वारस (दी केस ऑफ दी हॉरीफाईड हेअर्स).
260 _bज्ञानदत्त.
630 _aकचाट्यातील वारस (दी केस ऑफ दी हॉरीफाईड हेअर्स).
730 _aकचाट्यातील वारस (दी केस ऑफ दी हॉरीफाईड हेअर्स).
942 _cBOOK
999 _c559273
_d559270